| 000 | 005460000a22001930004500 | ||
|---|---|---|---|
| 003 | LK-CoMWRAF | ||
| 005 | 20231013235753.0 | ||
| 008 | 230817t2003 ||||| |||| 00| 0 eng d | ||
| 020 | _a9558736023 | ||
| 040 |
_aLK-CoMWRAF _dLK-CoMWRAF _eLK-CoMWRAF |
||
| 041 | _aeng | ||
| 082 |
_a954.93 _bMEY |
||
| 100 | _aMeyer, Eric | ||
| 245 |
_aSri Lanka Biography of an Island: _bbetween Local & Global |
||
| 260 |
_aNegombo: _bViator Publications, _c2003 |
||
| 300 | _a229 p. : maps ; 22 cm | ||
| 650 | _aSRI LANKA-Politics and government | ||
| 942 | _cBK | ||
| 999 |
_c1319 _d1319 |
||